000 00560nam a2200181 i 4500
001 87493
003 ES-MaACL
005 20230906175700.0
007 t|
008 041222s1973 sp ||||1| spa d
100 1 _aKrickeberg, Klaus.
_968830
245 1 0 _aTeoría de la probabilidad /
_cKlaus Krickeberg ; traducción de Jaime Tortella ; prólogo de Eduard Bonet.
260 _aBarcelona :
_bTeide,
_c[1973]
300 _a238 p. ;
_c22 cm.
700 1 _aTortella, Jaime.
_9111076
700 1 _aBonet, Eduard.
_930114
852 _aES-MaACL
_jC-54329
_bR.87268
999 _c87493
_d87493